Central Library || Chittagong University
Normal view MARC view

Entry Corporate Name

Number of records used in: 1

001 - CONTROL NUMBER

  • control field: 16552

003 - CONTROL NUMBER IDENTIFIER

  • control field: BD-ChCU

005 - DATE AND TIME OF LATEST TRANSACTION

  • control field: 20251120140403.0

008 - FIXED-LENGTH DATA ELEMENTS

  • fixed length control field: 251120|| aca||aabn | a|a d

040 ## - CATALOGING SOURCE

  • Original cataloging agency: BD-ChCU

110 ## - HEADING--CORPORATE NAME

  • Corporate name or jurisdiction name as entry element: Society of chemical industry
© Copyright 2026. Chittagong University Library, Installation and Maintenance by Prof. Dr. Md. Alamgir, 01711306253